Detalles MARC
| 000 -LEADER |
| fixed length control field |
01735 am a2200421 a 4500 |
| 005 - FECHA ULTIMA MODIFICACION |
| control field |
20240523133429.0 |
| 008 - CAMPO DE CONTROL (LIBRO) |
| fixed length control field |
100311s2007||||mx a f |||| 001 0 spa d |
| 020 ## - INTERNATIONAL STANDARD BOOK NUMBER |
| ISBN |
9701057392 |
| 041 ## - CODIGO DE IDIOMA |
| Código de idioma del texto/pista de sonido o título separado |
spa |
| 092 ## - SIGNATURA TOPOGRAFICA DEWEY LOCAL |
| número de clasificación |
615 |
| libristica |
30 |
| sección |
GOO |
| 245 ## - TITULO PROPIAMENTE DICHO |
| Título |
Goodman & Gilman. |
| Subtítulo y Título paralelo |
Las bases farmacológicas de la terapéutica / |
| Mención de responsabilidad y remanente de la transcripción de la portada |
Laurence L. Brunton |
| 250 ## - MENCION DE EDICION |
| Mención de edición |
11a ed. |
| Mención de responsabilidad relacionada con la ed. |
Traducción José Rafael Blengio Pinto ; Jorge Orizaga Sampiero y Ana María Pérez-Tamayo Ruiz |
| 260 ## - PIE DE IMPRENTA |
| Lugar de publicación, distribución, etc |
México: |
| Nombre de la editorial, distribuidor, etc |
McGraw-Hill Interamericana; |
| Fecha de publicación |
2007. |
| 300 ## - DESCRIPCION FISICA |
| Extension |
2017 p. |
| 500 ## - NOTA GENERAL |
| Nota general |
Brunton, L. L., Lazo, J. S. y Parker, K. L. (2007). Goodman & Gilman. Las bases farmacológicas de la terapéutica. (11a ed.). México : McGraw-Hill Interamericana. |
| 590 ## - NOTAS LOCALES (RLIN) |
| Nota local |
Compra ESMED 2009 |
| 653 ## - TÉRMINO INDIZADO - PALABRAS CLAVES |
| Palabra clave |
Principios generales |
| 653 ## - TÉRMINO INDIZADO - PALABRAS CLAVES |
| Palabra clave |
Fármacos con acciones en las uniones sinápticas y neuroefectoras |
| 653 ## - TÉRMINO INDIZADO - PALABRAS CLAVES |
| Palabra clave |
Fármacos con acción en el sistema nervioso central |
| 653 ## - TÉRMINO INDIZADO - PALABRAS CLAVES |
| Palabra clave |
Autacoides: farmacoterapia de la inflamación |
| 653 ## - TÉRMINO INDIZADO - PALABRAS CLAVES |
| Palabra clave |
Fármacos que afectan las funciones renal y cardiovascular |
| 653 ## - TÉRMINO INDIZADO - PALABRAS CLAVES |
| Palabra clave |
Medicamentos que afectan la función gastrointestinal |
| 653 ## - TÉRMINO INDIZADO - PALABRAS CLAVES |
| Palabra clave |
Quimioterapia de infecciones parasitarias |
| 653 ## - TÉRMINO INDIZADO - PALABRAS CLAVES |
| Palabra clave |
Farmacoterapia de las enfermedades microbianas |
| 653 ## - TÉRMINO INDIZADO - PALABRAS CLAVES |
| Palabra clave |
Quimioterapia de enfermedades neoplásicas |
| 653 ## - TÉRMINO INDIZADO - PALABRAS CLAVES |
| Palabra clave |
Inmunomoduladores |
| 653 ## - TÉRMINO INDIZADO - PALABRAS CLAVES |
| Palabra clave |
Fármacos que actúan en sangre y órganos hematopoyéticos |
| 653 ## - TÉRMINO INDIZADO - PALABRAS CLAVES |
| Palabra clave |
Hormonas y sus antagonistas |
| 653 ## - TÉRMINO INDIZADO - PALABRAS CLAVES |
| Palabra clave |
Dermatología |
| 653 ## - TÉRMINO INDIZADO - PALABRAS CLAVES |
| Palabra clave |
Oftalmología |
| 653 ## - TÉRMINO INDIZADO - PALABRAS CLAVES |
| Palabra clave |
Toxicología |
| 700 1# - ENTRADAS SECUNDARIAS - NOMBRE PERSONAL |
| Nombre personal |
Lazo, Jhon S. |
| 9 (RLIN) |
556 |
| 700 1# - ENTRADAS SECUNDARIAS - NOMBRE PERSONAL |
| Nombre personal |
Brunton, Laurence L. |
| 9 (RLIN) |
555 |
| 700 1# - ENTRADAS SECUNDARIAS - NOMBRE PERSONAL |
| Nombre personal |
Parker, Keith L. |
| 9 (RLIN) |
557 |
| 930 ## - NUMERO DE INVENTARIO |
| Número de inventario |
2058 |
| 930 ## - NUMERO DE INVENTARIO |
| Número de inventario |
1800 |
| 942 ## - ADDED ENTRY ELEMENTS (KOHA) |
| Source of classification or shelving scheme |
Dewey Decimal Classification |
| Item type |
Libros |